[Event "Main Vogelsberg op 4th"]
[Site "Heusenstamm"]
[Date "2009.05.02"]
[Round "4"]
[White "Ehemann, Pascal"]
[Black "Gompf, Christian"]
[Result "1-0"]
[WhiteElo "2018"]
[BlackElo "1432"]
[PlyCount "93"]
[EventDate "2009.04.30"]
[EventType "swiss"]
[EventRounds "7"]
[EventCountry "GER"]
[SourceTitle "CBM 130 Extra"]
[Source "ChessBase"]
[SourceDate "2009.07.02"]
[SourceVersion "2"]
[SourceVersionDate "2009.07.15"]
[SourceQuality "1"]

1. e4 c5 2. Nf3 d6 3. d4 cxd4 4. Nxd4 Nf6 5. f3 Nc6 6. c4 g6 7. Be3 Bg7 8. Qd2 0-0 9. Nc3 Bd7 10. Be2 Qa5 11. 0-0 Rfc8 12. Rac1 a6 13. Qe1 Nxd4 14. Bxd4 b5 15. cxb5 axb5 16. a3 b4 17. axb4 Qxb4 18. Nb5 Qxe1 19. Rfxe1 Bxb5 20. Bxb5 Nh5 21. Bc3 Bxc3 22. bxc3 Ra3 23. Re3 Nf4 24. g3 Ne6 25. Bd7 Rc7 26. Bxe6 fxe6 27. Rc2 Kf7 28. Rd3 Rc4 29. Kf2 Rca4 30. Ke3 Rc4 31. Kf4 Kf6 32. h4 h6 33. Ke3 Rb3 34. Kd2 Ra3 35. Re3 d5 36. Kd3 Rb3 37. Re1 g5 38. Ree2 Ra3 39. Re1 Rb3 40. Ra1 g4 41. Ra6 Kf7 42. fxg4 Rxe4 43. Rf2+ Kg6 44. Rf4 Re1 45. Ra7 Rbb1 46. Rxe7 e5 47. h5+ 1-0

[Event "Main Vogelsberg op 4th"]
[Site "Heusenstamm"]
[Date "2009.05.01"]
[Round "3"]
[White "Gompf, Christian"]
[Black "Haftmann, Rainer"]
[Result "1/2-1/2"]
[WhiteElo "1432"]
[BlackElo "1877"]
[PlyCount "189"]
[EventDate "2009.04.30"]
[EventType "swiss"]
[EventRounds "7"]
[EventCountry "GER"]
[SourceTitle "CBM 130 Extra"]
[Source "ChessBase"]
[SourceDate "2009.07.02"]
[SourceVersion "2"]
[SourceVersionDate "2009.07.15"]
[SourceQuality "1"]

1. d4 Nf6 2. c4 e6 3. Nf3 d5 4. Nc3 c6 5. e3 Nbd7 6. Bd3 Bd6 7. 0-0 0-0 8. Re1 dxc4 9. Bxc4 e5 10. Qc2 Re8 11. Qb3 Re7 12. e4 exd4 13. Nxd4 Ne5 14. Bf1 Bc5 15. Nc2 Nfg4 16. Ne3 Be6 17. Qc2 Qc7 18. f3 Nxe3 19. Bxe3 Bxe3+ 20. Rxe3 Qb6 21. Qf2 Rd8 22. Re2 Qxf2+ 23. Rxf2 Red7 24. Rc1 g5 25. b3 Rd2 26. Rc2 R2d6 27. Na4 b6 28. Nb2 c5 29. Nc4 Nxc4 30. Bxc4 Bxc4 31. bxc4 Rd1+ 32. Rf1 R8d2 33. Rxd1 Rxc2 34. Rd5 h6 35. a4 Ra2 36. Rd7 Rxa4 37. Kf2 Rxc4 38. Rxa7 Rc2+ 39. Kg3 Kg7 40. Rb7 Rb2 41. f4 gxf4+ 42. Kxf4 Rxg2 43. Rxb6 Rxh2 44. Rc6 Rc2 45. Kg4 Rc1 46. Kh5 Re1 47. Rxc5 Rxe4 48. Rc6 Re5+ 49. Kg4 Rg5+ 50. Kf3 Rg6 51. Rc5 Rg1 52. Ra5 Kg6 53. Ra8 Rh1 54. Kg4 h5+ 55. Kg3 Rg1+ 56. Kf3 Rg5 57. Ra4 Re5 58. Kf4 Rf5+ 59. Kg3 Kg5 60. Rb4 Rc5 61. Rb8 Rc3+ 62. Kg2 h4 63. Rh8 h3+ 64. Kh2 f5 65. Rg8+ Kf4 66. Rf8 Rf3 67. Rf7 Ke3 68. Re7+ Kf2 69. Ra7 Ke3 70. Re7+ Kf4 71. Ra7 Re3 72. Ra4+ Re4 73. Ra3 Re2+ 74. Kh1 Re3 75. Ra5 Kg3 76. Ra1 f4 77. Rg1+ Kf2 78. Kh2 Re2 79. Ra1 Re1 80. Ra2+ Re2 81. Ra1 Re3 82. Ra2+ Re2 83. Ra1 f3 84. Kxh3 Re1 85. Ra2+ Re2 86. Ra1 Re1 87. Ra2+ Ke3 88. Ra3+ Kf4 89. Ra4+ Re4 90. Ra2 Rb4 91. Ra3 Rb8 92. Ra4+ Ke3 93. Ra3+ Ke2 94. Ra2+ Kf1 95. Kg3 1/2-1/2

[Event "Karl Mala Memorial op 11th"]
[Site "Frankfurt"]
[Date "2008.06.27"]
[Round "2"]
[White "Zimpfer, Andreas"]
[Black "Gompf, Christian"]
[Result "0-1"]
[WhiteElo "1773"]
[BlackElo "1297"]
[PlyCount "70"]
[EventDate "2008.06.26"]
[EventType "swiss"]
[EventRounds "7"]
[EventCountry "GER"]
[SourceTitle "CBM 125 Extra"]
[Source "ChessBase"]
[SourceDate "2008.09.01"]
[SourceVersion "1"]
[SourceVersionDate "2008.09.01"]
[SourceQuality "1"]

1. d4 d5 2. f4 Nf6 3. Nf3 Bf5 4. e3 e6 5. Bd3 Bxd3 6. Qxd3 c5 7. Ne5 Nc6 8. 0-0 Ne4 9. c3 f6 10. Nf3 c4 11. Qe2 b5 12. a3 a5 13. Nh4 g6 14. Nd2 Bd6 15. g4 f5 16. g5 0-0 17. Ndf3 b4 18. axb4 axb4 19. Bd2 Qb6 20. Ne5 Bxe5 21. dxe5 b3 22. Rxa8 Rxa8 23. Nf3 Ra2 24. Rb1 Qa7 25. Nd4 Nxd4 26. exd4 Ra1 27. Rxa1 Qxa1+ 28. Be1 Qa2 29. Kg2 Qb1 30. Bg3 Nxc3 31. Qd2 Qc2 32. Be1 Qxd2+ 33. Bxd2 Ne4 34. Bc1 c3 35. Kf3 Nd2+ 0-1